000 00672nam a2200217Ia 4500
003 GCL
008 140319s9999 xx 000 0 ara d
040 _aGCL /
_cGCL
082 0 4 _a219
_bس م
100 1 _aسعيد رمضان
245 1 0 _aمعالم الطريق: 1 . الفكرة /
_cسعيد رمضان
300 _a71 ص
490 _a
650 0 4 _aالاسلام
650 0 4 _aالاسلام والمجتمع
650 0 4 _aالاسلام والاقتصاد
650 0 4 _aالاسلام والاصلاح الدينى
650 0 4 _aالاسلام والسياسة
650 0 4 _aحركات الاحياء والاصلاح والتجدي
942 _2ddc
_cBK
999 _c40446
_d40446